002150000a220007300045001000024000002450042000243000053000667730022001191 aBarré, Michael L.10aA proposal on the crux of Psalm 64:9a aVol. 46, Num. 1 (Enero, 1996), Páginas 115-1190 tVetus Testamentum